Quantum mechanics: (Record no. 169558)

MARC details
000 -LEADER
fixed length control field 00833nam a2200265 a 4500
008 - FIXED-LENGTH DATA ELEMENTS--GENERAL INFORMATION
fixed length control field
020 ## - INTERNATIONAL STANDARD BOOK NUMBER
International Standard Book Number 9781473602410 (paperback)
040 ## - CATALOGING SOURCE
Original cataloging agency NUST
Transcribing agency NUST
049 ## - LOCAL HOLDINGS (OCLC)
Holding library MAIN
090 ## - LOCALLY ASSIGNED LC-TYPE CALL NUMBER (OCLC); LOCAL CALL NUMBER (RLIN)
Classification number (OCLC) (R) ; Classification number, CALL (RLIN) (NR) QC174.12
Local cutter number (OCLC) ; Book number/undivided call number, CALL (RLIN) ZAG
003 - CONTROL NUMBER IDENTIFIER
control field
005 - DATE AND TIME OF LATEST TRANSACTION
control field 20230123141216.0
100 1# - MAIN ENTRY--PERSONAL NAME
Personal name Zagoskin, Alexandra.
245 10 - TITLE STATEMENT
Title Quantum mechanics:
Remainder of title a complete introduction /
Statement of responsibility, etc. Zagoskin, Alexandra.
260 ## - PUBLICATION, DISTRIBUTION, ETC.
Place of publication, distribution, etc. United Kingdom :
Name of publisher, distributor, etc. Quercus,
Date of publication, distribution, etc. 2015
300 ## - PHYSICAL DESCRIPTION
Extent xx, 407 pages :
Other physical details illustrations ;
Dimensions 20 cm
336 ## - CONTENT TYPE
Content type term text
Content type code txt
Source rdacontent
337 ## - MEDIA TYPE
Media type term unmediated
Media type code n
Source rdamedia
338 ## - CARRIER TYPE
Carrier type term volume
Carrier type code nc
Source rdacarrier
500 ## - GENERAL NOTE
General note Includes index.
504 ## - BIBLIOGRAPHY, ETC. NOTE
Bibliography, etc. note Includes bibliographical references.
650 #1 - SUBJECT ADDED ENTRY--TOPICAL TERM
Topical term or geographic name entry element Quantum Mechanics.
907 ## - LOCAL DATA ELEMENT G, LDG (RLIN)
a .b10407820
b 05-08-21
c 28-07-21
942 ## - ADDED ENTRY ELEMENTS (KOHA)
Koha item type Ordinary Loan Books
Call number prefix QC174.12
Call number suffix ZAG
Holdings
Date last seen Total Checkouts Full call number Barcode Cost, replacement price Price effective from Koha item type Lost status Source of classification or shelving scheme Damaged status Not for loan Collection Withdrawn status Home library Current library Shelving location Date acquired Cost, normal purchase price
01/23/2023   QC174.12 ZAG 92004047075 80.00 01/23/2023 BOOKS   LCC     NFIC   MAIN MAIN GEN 01/23/2023 80.00